000
00254nam a22001217a 4500
008
170807b xxu||||| |||| 00| 0 eng d
041
_a
eng
080
_a
004
100
_a
33
101
_a
SHKI
245
_a
REIHE INFORMATIK
_c
MIES, P
942
_2
udc
_c
BK
999
_c
22751
_d
22751